Công nghệ phần mềm Giáo trình dùng cho sinh viên ngành công nghệ thông tin các trường Đại học..

Tổng quan về công nghệ phần mềm. Quản lý dự án. Khảo sát hiện trạng và đặc tả. Thiết kế ứng dụng phần mềm. Ngô ngữ lập trình và case. Bảo trì phần mềm. Quản lý thay đổi. Thu nhập dữ liệu. Đấu thầu phần mềm. Nghề nghiệp kỹ sư phần mềm...

Volledige beschrijving

Bewaard in:
Bibliografische gegevens
Hoofdauteur: Lê Đức Trung
Formaat: Boek
Taal:Vietnamese
Gepubliceerd in: H. Khoa học và Kỹ thuật 2002
Onderwerpen:
Tags: Voeg label toe
Geen labels, Wees de eerste die dit record labelt!
Thư viện lưu trữ: Mạng thư viện Đại học Đà Nẵng
LEADER 01519nam a2200349 4500
001 000009327
003 5523
005 20120302090304.0
008 111026s2002 viesd
020 |c 35000đ 
041 0 |a vie 
082 |a 005.1  |b LÊ-T 
100 0 |a Lê Đức Trung 
245 0 |a Công nghệ phần mềm  |b Giáo trình dùng cho sinh viên ngành công nghệ thông tin các trường Đại học..  |c Lê Đức Trung 
260 |a H.  |b Khoa học và Kỹ thuật  |c 2002 
300 |a 240tr  |b Hình vẽ  |c 27cm 
500 |a ĐTTS ghi: Trường ĐHBK Hà Nội 
504 |a Thư mục: tr. 240 
520 |a Tổng quan về công nghệ phần mềm. Quản lý dự án. Khảo sát hiện trạng và đặc tả. Thiết kế ứng dụng phần mềm. Ngô ngữ lập trình và case. Bảo trì phần mềm. Quản lý thay đổi. Thu nhập dữ liệu. Đấu thầu phần mềm. Nghề nghiệp kỹ sư phần mềm 
653 |a Phần mềm máy tính 
653 |a Giáo trình 
653 |a Công nghệ thông tin 
OWN |a LSP 
AVA |a UDN50  |b LSP  |d 005.1 LÊ-T  |e available  |t Error 5001 Not defined in file expand_doc_bib_avail.  |f 9  |g 0  |h N  |i 0  |k 1 
999 |a From the UDN01 
AVA |a UDN50  |b LSP  |d 005.1 LÊ-T  |e available  |t Error 5001 Not defined in file expand_doc_bib_avail.  |f 9  |g 0  |h N  |i 0  |k 1 
TYP |a Monograph 
TYP |a Printed language 
980 |a Mạng thư viện Đại học Đà Nẵng